[Event "63. BEM 2009"]
[Site "Dortmund"]
[Date "2009.02.23"]
[Round "1.3"]
[White "Schrimpl, Michael"]
[Black "Schiefelbusch, Dirk"]
[Result "0-1"]
[WhiteElo "1476"]
[BlackElo "2093"]
[PlyCount "86"]
[EventDate "2009.??.??"]
[Source "SG Dortmund"]
[SourceDate "2004.12.16"]

1. c4 e5 2. Nc3 b6 3. Nf3 Nc6 4. g3 Bb7 5. Bg2 d6 6. O-O Nf6 7. d3 Be7 8. a3 a5
9. Bg5 O-O 10. Rb1 Nd7 11. Bxe7 Nxe7 12. e4 Nc5 13. b4 Ne6 14. b5 Nc5 15. Na4
Nxa4 16. Qxa4 Ng6 17. Qd1 f5 18. Nd2 f4 19. Qh5 Qf6 20. Bh3 Bc8 21. Bxc8 Raxc8
22. Kg2 Rf7 23. f3 Rcf8 24. g4 Nh4+ 25. Kf2 g5 26. a4 Rg7 27. Rh1 Rg6 28. Ke2
Rh6 29. Qxh6 Qxh6 30. h3 Ng2 31. Rh2 Ne3 32. Rbh1 Qh4 33. Nf1 Nc2 34. Kd1 Nd4
35. Nd2 Qg3 36. h4 gxh4 37. Rxh4 Rf7 38. R4h3 Qf2 39. R3h2 Qe3 40. Re1 Qxd3 41.
Rf1 Nb3 42. Ke1 Nxd2 43. Rxd2 Qxc4 0-1

[Event "63. BEM 2009"]
[Site "Dortmund"]
[Date "2009.02.23"]
[Round "1.4"]
[White "Lindam, Ingo"]
[Black "Gegner, Michael"]
[Result "1-0"]
[WhiteElo "2033"]
[BlackElo "1440"]
[PlyCount "51"]
[EventDate "2009.??.??"]
[Source "SG Dortmund"]
[SourceDate "2004.12.16"]

1. d4 Nf6 2. Bg5 Ne4 3. h4 Nxg5 4. hxg5 d5 5. e3 Bf5 6. Nd2 Nd7 7. g4 Bg6 8. f4
f6 9. f5 Bf7 10. g6 Bg8 11. Qf3 h6 12. Nh3 e5 13. fxe6 Bxe6 14. Nf4 Qe7 15.
O-O-O c6 16. c4 dxc4 17. Nxe6 Qxe6 18. Bxc4 Qd6 19. Bf7+ Kd8 20. Ne4 Qb4 21.
Rd3 Nb6 22. a3 Qb5 23. Rb3 Qa5 24. Nxf6 Nd5 25. Nxd5 cxd5 26. Rc3 1-0

[Event "63. BEM 2009"]
[Site "Dortmund"]
[Date "2009.02.23"]
[Round "1.5"]
[White "Schirmer, Michael"]
[Black "Zelt, Jens"]
[Result "0-1"]
[WhiteElo "1424"]
[BlackElo "2015"]
[PlyCount "86"]
[EventDate "2009.??.??"]
[Source "SG Dortmund"]
[SourceDate "2004.12.16"]

1. e4 c5 2. Nc3 a6 3. a4 b6 4. d3 g6 5. f4 Bg7 6. Bd2 d6 7. Nf3 Nc6 8. Be2 e6
9. O-O Nge7 10. Qe1 Qc7 11. Rb1 Bd7 12. Qh4 Nd4 13. Bd1 Nec6 14. Nxd4 Nxd4 15.
Kh1 b5 16. axb5 axb5 17. Ne2 Nxe2 18. Bxe2 Ra2 19. c3 O-O 20. f5 exf5 21. exf5
Bxf5 22. Bh6 Be6 23. Bxg7 Kxg7 24. Qf6+ Kg8 25. h4 Qd8 26. Qf4 Re8 27. Rf3 Bd5
28. Re3 Rxe3 29. Qxe3 Qxh4+ 30. Kg1 Ra8 31. Rf1 Qd8 32. Qf4 Qe7 33. c4 bxc4 34.
dxc4 Bc6 35. Bf3 Bxf3 36. Qxf3 Re8 37. Qd5 Qe6 38. Qc6 Qe3+ 39. Kh1 Re5 40.
Qc8+ Kg7 41. Rf3 Rh5+ 42. Rh3 Rxh3+ 43. gxh3 Qc1+ 0-1

[Event "63. BEM 2009"]
[Site "Dortmund"]
[Date "2009.02.23"]
[Round "1.6"]
[White "Kartsev, Alexandr"]
[Black "Jentzsch, Werner Wilfried"]
[Result "0-1"]
[WhiteElo "1988"]
[BlackElo "1414"]
[PlyCount "126"]
[EventDate "2009.??.??"]
[Source "SG Dortmund"]
[SourceDate "2004.12.16"]

1. e4 e5 2. Nf3 Nc6 3. Bb5 d6 4. O-O Bg4 5. h3 Bh5 6. c3 Nf6 7. Re1 Be7 8. d4
exd4 9. cxd4 a6 10. Ba4 b5 11. Bc2 Bxf3 12. gxf3 Qd7 13. Kh2 Nb4 14. Bb3 c5 15.
d5 c4 16. Bc2 Rc8 17. Nc3 Nxc2 18. Qxc2 O-O 19. Ne2 Nh5 20. Rg1 Bf6 21. Bg5 Qa7
22. Bxf6 Nxf6 23. Ng3 Qd4 24. Nf5 Qe5+ 25. Kh1 g6 26. f4 Qxf4 27. Ne7+ Kg7 28.
Nxc8 Qh4 29. Kg2 Rxc8 30. f3 Nh5 31. Kh2 Qf4+ 32. Kh1 Qxf3+ 33. Qg2 Ng3+ 34.
Kh2 Qxg2+ 35. Kxg2 Nxe4 36. Kf3 f5 37. Ke3 Kf6 38. Kd4 Ng5 39. Rg3 Re8 40. Rag1
Re4+ 41. Kc3 h6 42. Kb4 f4 43. Ra3 c3+ 44. Ka5 cxb2 45. Kxa6 Ra4+ 46. Rxa4 bxa4
47. Kb5 Nf3 48. Rf1 Nd2 49. Rxf4+ Ke5 50. Rb4 b1=Q 51. Rxb1 Nxb1 52. Kxa4 Kxd5
53. Kb4 Kd4 54. a4 Kd5 55. a5 Kc6 56. a6 Kb6 57. Kc4 Na3+ 58. Kd5 Nb5 59. a7
Kxa7 60. Kc6 Ka6 61. Kd5 Kb6 62. Kc4 Kc6 63. Kd3 Kd5 0-1

[Event "63. BEM 2009"]
[Site "Dortmund"]
[Date "2009.02.23"]
[Round "1.7"]
[White "Siwy, Boguslaw"]
[Black "Lauche, Christoph"]
[Result "0-1"]
[WhiteElo "1412"]
[BlackElo "1950"]
[PlyCount "55"]
[EventDate "2009.??.??"]
[Source "SG Dortmund"]
[SourceDate "2004.12.16"]

1. e4 c5 2. Nf3 e6 3. d4 cxd4 4. Nxd4 Bc5 5. Nc3 Qb6 6. Be3 Nc6 7. Na4 Qa5+ 8.
c3 Bxd4 9. Bxd4 Nxd4 10. Qxd4 e5 11. Qc4 Nf6 12. f3 O-O 13. O-O-O d5 14. exd5
Bd7 15. Nc5 Rfc8 16. Nxb7 Qb6 17. Qa6 Qe3+ 18. Kb1 Rab8 19. Bd3 Nxd5 20. Rhe1
Qg5 21. Qa5 e4 22. Bc4 Nxc3+ 23. Qxc3 Rxb7 24. Bxf7+ Kxf7 25. Rxd7+ Rxd7 26.
Qxc8 Qb5 27. fxe4 Rd2 28. Rf1+ 0-1

[Event "63. BEM 2009"]
[Site "Dortmund"]
[Date "2009.02.23"]
[Round "1.8"]
[White "Borjini, Mohamed"]
[Black "Boxberg, Marc"]
[Result "1-0"]
[WhiteElo "1941"]
[BlackElo "1409"]
[PlyCount "61"]
[EventDate "2009.??.??"]
[Source "SG Dortmund"]
[SourceDate "2004.12.16"]

1. e4 e6 2. d4 d5 3. Nc3 Bb4 4. e5 c5 5. a3 Bxc3+ 6. bxc3 Nc6 7. Nf3 cxd4 8.
cxd4 Bd7 9. Bd3 Nge7 10. c3 Qc7 11. O-O Ng6 12. h4 O-O-O 13. h5 Nge7 14. a4
Rdf8 15. Ba3 f6 16. Bd6 Qd8 17. a5 Be8 18. Qb3 fxe5 19. dxe5 Rf7 20. Ng5 Nxa5
21. Rxa5 Qxa5 22. Nxf7 Bxf7 23. Bxe7 Bxh5 24. Rb1 Qc7 25. Bd6 Qb6 26. Qa4 Be8
27. Qa3 Qd8 28. Qxa7 Bc6 29. Qb8+ Kd7 30. Rxb7+ Bxb7 31. Qxb7+ 1-0

[Event "63. BEM 2009"]
[Site "Dortmund"]
[Date "2009.02.23"]
[Round "1.9"]
[White "Hansen, Jochen"]
[Black "Begna, Bozidar"]
[Result "1/2-1/2"]
[WhiteElo "1396"]
[BlackElo "1937"]
[PlyCount "151"]
[EventDate "2009.??.??"]
[Source "SG Dortmund"]
[SourceDate "2004.12.16"]

1. Nf3 Nf6 2. g3 c5 3. Bg2 Nc6 4. d3 d5 5. O-O e6 6. Nbd2 Bd6 7. c4 O-O 8. a3
Rb8 9. Rb1 b5 10. b3 Ba6 11. Qc2 bxc4 12. dxc4 Na5 13. Re1 dxc4 14. bxc4 Rxb1
15. Nxb1 Nxc4 16. Qa4 Qa5 17. Qxa5 Nxa5 18. e4 Be7 19. Ne5 Rc8 20. Be3 Nc6 21.
Nxc6 Rxc6 22. e5 Nd5 23. Nc3 Bc4 24. Nd1 Rb6 25. Bc1 Ba6 26. Bf1 Bb7 27. Nb2
Bc6 28. Nc4 Rb1 29. Bd3 Ra1 30. Na5 Ba8 31. Nc4 Bd8 32. Kf1 Bc7 33. Bc2 Nb6 34.
Na5 Bxe5 35. Nb3 Rxc1 36. Nxc1 Bb2 37. Rd1 Bd5 38. a4 Kf8 39. Nd3 Bd4 40. Nf4
Bc4+ 41. Kg2 e5 42. Nd3 Bd5+ 43. Kg1 Bf3 44. Rb1 c4 45. Ne1 Bc6 46. a5 Nd7 47.
Bf5 Ke7 48. Nc2 Bc5 49. Re1 Kf6 50. Be4 Ba4 51. Ne3 g6 52. Nxc4 Ke6 53. Ne3 f5
54. Bd3 e4 55. Nc4 Kd5 56. Bf1 Kd4 57. Rc1 Nf6 58. Ne3 Bb3 59. Rb1 Kc3 60. Rc1+
Kb4 61. a6 Nd7 62. Nc2+ Kc3 63. Ne3+ Kb2 64. Re1 Ne5 65. Re2+ Kc3 66. Kg2 Nf3
67. h4 h5 68. Kh1 Nd2 69. Kg2 Nf3 70. Kh1 Ba4 71. Nd5+ Kd4 72. Ne3 Bb5 73. Rb2
Bxf1 74. Nxf1 Bb6 $4 75. Kg2 $4 (75. Rxb6 $1 $18) 75... Ne1+ 76. Kh1 1/2-1/2

[Event "63. BEM 2009"]
[Site "Dortmund"]
[Date "2009.02.23"]
[Round "1.10"]
[White "Simon, Thomas"]
[Black "Gennat, Egon L"]
[Result "1-0"]
[WhiteElo "1932"]
[BlackElo "1362"]
[PlyCount "85"]
[EventDate "2009.??.??"]
[Source "SG Dortmund"]
[SourceDate "2004.12.16"]

1. Nf3 Nf6 2. g3 b6 3. Bg2 Bb7 4. c4 e6 5. d4 c5 6. Nc3 cxd4 7. Qxd4 Nc6 8. Qd3
d6 9. O-O Ne5 10. Nxe5 Bxg2 11. Nxf7 Kxf7 12. Kxg2 Be7 13. Bg5 h6 14. Bf4 a6
15. Rfd1 e5 16. Be3 Qd7 17. Nd5 Qb7 18. f3 Nxd5 19. cxd5 Qd7 20. Rac1 Rhb8 21.
Rc6 b5 22. Rdc1 Rb7 23. Qh7 Bg5 24. Bxg5 hxg5 25. e4 b4 26. Qh3 a5 27. Qxd7+
Rxd7 28. Rb6 Raa7 29. Rcc6 Ke7 30. Kh3 Rab7 31. Rxb7 Rxb7 32. Rc8 Rb5 33. b3
Rc5 34. Ra8 Kd7 35. Ra7+ Rc7 36. Rxa5 Rb7 37. Kg4 Kc7 38. Ra4 Rb5 39. Kxg5 Kb6
40. a3 Kc5 41. Rxb4 Rxb4 42. axb4+ Kxb4 43. Kf5 1-0

[Event "63. BEM 2009"]
[Site "Dortmund"]
[Date "2009.02.23"]
[Round "1.11"]
[White "Schaefer, Ulrich"]
[Black "Schütte, Tobias"]
[Result "0-1"]
[WhiteElo "1328"]
[BlackElo "1912"]
[PlyCount "48"]
[EventDate "2009.??.??"]
[Source "SG Dortmund"]
[SourceDate "2004.12.16"]

1. e4 e6 2. d4 d5 3. e5 c5 4. Nf3 cxd4 5. Nxd4 Nc6 6. Bb5 Bd7 7. Nxc6 bxc6 8.
Bd3 Ne7 9. O-O Ng6 10. Re1 Qc7 11. f4 Rb8 12. Nc3 Bb4 13. a3 Ba5 14. b4 Bb6+
15. Kh1 Bd4 16. Bb2 c5 17. Qg4 Qc8 18. Nd1 Bxb2 19. Nxb2 cxb4 20. Bxg6 hxg6 21.
Nd3 bxa3 22. Rxa3 Qxc2 23. Rc1 Rb1 24. Qd1 Qxd1+ 0-1

[Event "63. BEM 2009"]
[Site "Dortmund"]
[Date "2009.02.23"]
[Round "1.12"]
[White "Kropp, Andreas"]
[Black "Schoppe, Hans-Werner"]
[Result "1-0"]
[WhiteElo "1884"]
[BlackElo "1299"]
[PlyCount "81"]
[EventDate "2009.??.??"]
[Source "SG Dortmund"]
[SourceDate "2004.12.16"]

1. e4 e6 2. d3 d5 3. Nd2 b6 4. Ngf3 Bb7 5. c3 c5 6. g3 dxe4 7. dxe4 Qc7 8. Bg2
Nc6 9. Nc4 Rd8 10. Qa4 a6 11. Bf4 Bd6 12. Nxd6+ Rxd6 13. Bxd6 Qxd6 14. O-O b5
15. Qc2 Nge7 16. Rad1 Qc7 17. Qe2 O-O 18. Qe3 Nb8 19. Rd2 Nd7 20. Rfd1 Bc8 21.
h4 Nb6 22. b3 f5 23. exf5 Nxf5 24. Qe5 Qe7 25. Ng5 h6 26. Nh3 Nd7 27. Qc7 Nf6
28. Qb6 Nd5 29. Bxd5 exd5 30. Nf4 Nxh4 31. gxh4 Qxh4 32. Ng2 Qg5 33. Qxc5 Bh3
34. Qxd5+ Qxd5 35. Rxd5 Bxg2 36. Kxg2 Rf6 37. Rd6 Rf7 38. Rxa6 Rc7 39. Rd5 Rxc3
40. Rxb5 Rc2 41. a4 1-0

[Event "63. BEM 2009"]
[Site "Dortmund"]
[Date "2009.02.23"]
[Round "1.13"]
[White "Krüger, Inge"]
[Black "Hellwig, Thomas"]
[Result "0-1"]
[WhiteElo "1272"]
[BlackElo "1858"]
[PlyCount "52"]
[EventDate "2009.??.??"]
[Source "SG Dortmund"]
[SourceDate "2004.12.16"]

1. d4 Nf6 2. c4 g6 3. Nc3 Bg7 4. Nf3 O-O 5. e4 d6 6. Be2 e5 7. d5 Na6 8. O-O
Nc5 9. Qc2 a5 10. a3 a4 11. Nd2 Nfd7 12. b4 axb3 13. Nxb3 Nxb3 14. Qxb3 Nc5 15.
Qc2 f5 16. Be3 Nxe4 17. Nxe4 fxe4 18. f3 exf3 19. Rxf3 Rxf3 20. gxf3 e4 21. Ra2
exf3 22. Bxf3 Bf5 23. Qe2 Qh4 24. Bf2 Qg5+ 25. Bg3 h5 26. h4 Qxg3+ 0-1

[Event "63. BEM 2009"]
[Site "Dortmund"]
[Date "2009.02.23"]
[Round "1.14"]
[White "Hoppe, Dirk"]
[Black "Pfeffer, Josef"]
[Result "1-0"]
[WhiteElo "1818"]
[BlackElo "1241"]
[PlyCount "59"]
[EventDate "2009.??.??"]
[Source "SG Dortmund"]
[SourceDate "2004.12.16"]

1. e4 e5 2. Nc3 d6 3. Nf3 c6 4. d4 exd4 5. Nxd4 Nf6 6. Be2 Be7 7. Be3 O-O 8. h3
c5 9. Nf3 a6 10. a4 Nc6 11. O-O Ne5 12. Qd2 Nxf3+ 13. Bxf3 Kh8 14. Rfd1 Be6 15.
Bf4 Ne8 16. Nd5 Bxd5 17. Qxd5 Rb8 18. c4 Nc7 19. Qd2 Ne8 20. e5 dxe5 21. Bxe5
Nc7 22. Qxd8 Bxd8 23. Rxd8 Rbxd8 24. Bxc7 Rd7 25. Bb6 Re8 26. Bxc5 Re5 27. b4
a5 28. Bd5 b5 29. axb5 Rexd5 30. cxd5 1-0

[Event "63. BEM 2009"]
[Site "Dortmund"]
[Date "2009.02.19"]
[Round "1.15"]
[White "Schultz, Bernfried"]
[Black "Morawietz, Manuel"]
[Result "1-0"]
[WhiteElo "1683"]
[BlackElo "1810"]
[PlyCount "59"]
[EventDate "2009.??.??"]
[Source "SG Dortmund"]
[SourceDate "2004.12.16"]

1. e4 e6 2. d4 d5 3. Nc3 Nf6 4. Bg5 Be7 5. e5 Nfd7 6. h4 Bxg5 7. hxg5 Qxg5 8.
Qd3 Qg6 9. f4 Qxd3 10. Bxd3 a6 11. Nf3 Nf8 12. O-O-O Nc6 13. a3 Bd7 14. g4 Ne7
15. Ng5 h6 16. Rdf1 f6 17. exf6 gxf6 18. Nf3 O-O-O 19. g5 f5 20. Ne5 Be8 21.
Rxh6 Rxh6 22. gxh6 Ng8 23. Rh1 Nh7 24. Rg1 Nhf6 25. h7 Nxh7 26. Rxg8 Nf6 27.
Rh8 b5 28. Rh6 Nh5 29. Rxe6 Nxf4 30. Rxa6 1-0

[Event "63. BEM 2009"]
[Site "Dortmund"]
[Date "2009.02.23"]
[Round "1.16"]
[White "Ziperstein, Jakob"]
[Black "Weih, Kurt"]
[Result "1-0"]
[WhiteElo "1801"]
[BlackElo "1232"]
[PlyCount "49"]
[EventDate "2009.??.??"]
[Source "SG Dortmund"]
[SourceDate "2004.12.16"]

1. e4 e5 2. Nf3 Nc6 3. Bb5 Bc5 4. O-O d6 5. d4 exd4 6. Nxd4 Bd7 7. Nxc6 bxc6 8.
Bc4 Qh4 9. g3 Qh3 10. Nc3 Bg4 11. Qd3 h5 12. Ne2 Bxe2 13. Qxe2 h4 14. Qf3 Nf6
15. e5 Nd5 16. Bxd5 cxd5 17. Qxd5 O-O-O 18. Bf4 hxg3 19. Bxg3 Bb6 20. exd6 Rh5
21. Qa8+ Kd7 22. Qb7 Rb5 23. dxc7 Bxf2+ 24. Rxf2 Rxb7 25. Rd1+ 1-0

[Event "63. BEM 2009"]
[Site "Dortmund"]
[Date "2009.02.23"]
[Round "1.17"]
[White "Fahle, Karl-Wilhelm"]
[Black "Sonntag, Joachim"]
[Result "0-1"]
[WhiteElo "1202"]
[BlackElo "1788"]
[PlyCount "54"]
[EventDate "2009.??.??"]
[Source "SG Dortmund"]
[SourceDate "2004.12.16"]

1. e4 e5 2. Nf3 Nc6 3. Bb5 a6 4. Ba4 Nf6 5. O-O Bc5 6. c3 O-O 7. Bxc6 dxc6 8.
d4 Ba7 9. Nxe5 Nxe4 10. Nd2 Nf6 11. Ndf3 c5 12. Be3 cxd4 13. Bxd4 c5 14. Be3
Qc7 15. Bf4 Nh5 16. Be3 Be6 17. Qe2 f6 18. Nd3 Rfe8 19. b3 Rad8 20. Nh4 Bf7 21.
Rad1 c4 22. Qg4 Bxe3 23. fxe3 Rxd3 24. Nf5 Bg6 25. Qxc4+ Qxc4 26. Nd6 Qd5 27.
Rxd3 Qxd3 0-1

[Event "63. BEM 2009"]
[Site "Dortmund"]
[Date "2009.02.23"]
[Round "1.18"]
[White "Ziemek, Gerhard"]
[Black "Strotmann, Dieter"]
[Result "1-0"]
[WhiteElo "1733"]
[BlackElo "1192"]
[PlyCount "29"]
[EventDate "2009.??.??"]
[Source "SG Dortmund"]
[SourceDate "2004.12.16"]

1. d4 Nf6 2. Nc3 e6 3. e4 Bb4 4. Bd3 d6 5. Nge2 c5 6. dxc5 Bxc5 7. O-O h6 8.
Kh1 d5 9. exd5 Nxd5 10. Nxd5 Qxd5 11. Nf4 Qd8 12. Qh5 Qg5 13. Qf3 Qe7 14. Bb5+
Kf8 15. Ng6+ 1-0

[Event "63. BEM 2009"]
[Site "Dortmund"]
[Date "2009.02.23"]
[Round "1.19"]
[White "Kiauka, Richard"]
[Black "Krüger, Georg"]
[Result "0-1"]
[WhiteElo "1148"]
[BlackElo "1711"]
[PlyCount "48"]
[EventDate "2009.??.??"]
[Source "SG Dortmund"]
[SourceDate "2004.12.16"]

1. d4 Nf6 2. c4 g6 3. Nf3 Bg7 4. Nc3 d5 5. cxd5 Nxd5 6. Nxd5 Qxd5 7. e3 O-O 8.
Qc2 Nc6 9. Bc4 Qd6 10. O-O Na5 11. Be2 b6 12. Nd2 Bb7 13. Nc4 Nxc4 14. Bxc4
Rac8 15. Rd1 c5 16. dxc5 Qxc5 17. Rd7 Qc6 18. f3 Qxd7 19. Qe2 Rfd8 20. Bb3 a5
21. a4 Bd5 22. Bd1 Bxf3 23. gxf3 Qxd1+ 24. Kf2 Rc2 0-1

[Event "63. BEM 2009"]
[Site "Dortmund"]
[Date "2009.02.23"]
[Round "1.20"]
[White "Flierdl, Lothar"]
[Black "Hast, Stefan"]
[Result "1-0"]
[WhiteElo "1675"]
[BlackElo "1143"]
[PlyCount "43"]
[EventDate "2009.??.??"]
[Source "SG Dortmund"]
[SourceDate "2004.12.16"]

1. d4 Nf6 2. c4 g6 3. Nc3 Bg7 4. e4 d6 5. Nf3 Bg4 6. Be2 Nc6 7. Be3 O-O 8. O-O
a6 9. Qd2 b5 10. h3 Bd7 11. cxb5 axb5 12. Bxb5 Rb8 13. a4 Na7 14. Bc4 e6 15. d5
exd5 16. exd5 Bf5 17. Bxa7 Rb7 18. Bd4 Re8 19. a5 Ne4 20. Qc1 Bxd4 21. Nxd4
Nxc3 22. bxc3 1-0

[Event "63. BEM 2009"]
[Site "Dortmund"]
[Date "2009.02.23"]
[Round "1.21"]
[White "Bönke, Holger E"]
[Black "Duschek, Günter"]
[Result "0-1"]
[WhiteElo "1121"]
[BlackElo "1640"]
[PlyCount "90"]
[EventDate "2009.??.??"]
[Source "SG Dortmund"]
[SourceDate "2004.12.16"]

1. e4 d5 2. d4 dxe4 3. f3 exf3 4. Nxf3 Bf5 5. Bc4 e6 6. O-O Nf6 7. Nc3 c6 8. a3
Be7 9. Qe1 O-O 10. Qg3 Nh5 11. Qf2 Nd7 12. h3 Nhf6 13. Qg3 Bg6 14. Bd3 Nh5 15.
Qf2 Bxd3 16. cxd3 Nb6 17. g4 Nf6 18. g5 Nh5 19. Ne4 Nd5 20. Qg2 f6 21. h4 f5
22. Nc5 Bxc5 23. dxc5 f4 24. Ne5 Rf5 25. d4 Nc7 26. Qd2 Nb5 27. Qe2 Ng3 28. Qc4
Qxd4+ 29. Qxd4 Nxd4 30. Re1 Rxe5 31. Rxe5 Nf3+ 32. Kg2 Nxe5 33. Bxf4 Nf5 34.
Bxe5 Nxh4+ 35. Kh3 Nf3 36. Bf4 e5 37. Be3 Rd8 38. Rc1 Kf7 39. Rc3 Ke6 40. Kg3
Nd4 41. Bxd4 exd4 42. Rd3 Kd5 43. Kh4 Kxc5 44. Rf3 d3 45. Rf7 d2 0-1

[Event "63. BEM 2009"]
[Site "Dortmund"]
[Date "2009.02.23"]
[Round "1.22"]
[White "Raskin, Vitali"]
[Black "Vogt, Christian"]
[Result "1-0"]
[WhiteElo "1612"]
[BlackElo "1046"]
[PlyCount "69"]
[EventDate "2009.??.??"]
[Source "SG Dortmund"]
[SourceDate "2004.12.16"]

1. e4 Nf6 2. e5 Nd5 3. c4 Nb6 4. Nf3 d6 5. d4 Bg4 6. Be2 Nc6 7. Nbd2 e6 8. h3
Bh5 9. O-O Be7 10. a3 a5 11. b3 O-O 12. Bb2 d5 13. c5 Nd7 14. Nh2 Bxe2 15. Qxe2
f5 16. exf6 Rxf6 17. Ng4 Rg6 18. f4 Bf6 19. Qxe6+ Kh8 20. Qxd5 Rb8 21. Nf3 Ne7
22. Qc4 Nf5 23. Nfe5 Bxe5 24. fxe5 Ng3 25. Rf3 Ne4 26. Qe2 Ng5 27. Rf5 h5 28.
Nf2 Rh6 29. Ne4 Nxe4 30. Qxe4 g6 31. Rf7 Qe8 32. Raf1 Rh7 33. Qxg6 Rxf7 34.
Rxf7 Nf8 35. Qg7# 1-0

[Event "63. BEM 2009"]
[Site "Dortmund"]
[Date "2009.02.23"]
[Round "1.23"]
[White "Müller, Michaela"]
[Black "Clausen, Dirk"]
[Result "0-1"]
[WhiteElo "1025"]
[BlackElo "1606"]
[PlyCount "60"]
[EventDate "2009.??.??"]
[Source "SG Dortmund"]
[SourceDate "2004.12.16"]

1. d4 d5 2. e3 e5 3. Nf3 Bg4 4. c4 e4 5. h3 exf3 6. hxg4 fxg2 7. Bxg2 Nf6 8.
cxd5 Qd7 9. Bf3 Na6 10. Nc3 Bb4 11. Bd2 O-O-O 12. Qb3 Bxc3 13. Bxc3 Nxd5 14.
Rc1 f5 15. gxf5 Qxf5 16. Ke2 Rhf8 17. Bxd5 Rxd5 18. Rhf1 Qf3+ 19. Ke1 c6 20.
Qc2 g6 21. Qe2 Qg2 22. f4 Qxe2+ 23. Kxe2 Kd7 24. Kd3 Rh5 25. Rc2 Nc7 26. Bb4
Re8 27. Re2 Rh3 28. Bd2 h5 29. Kc4 b5+ 30. Kc5 Na6# 0-1

[Event "63. BEM 2009"]
[Site "Dortmund"]
[Date "2009.02.23"]
[Round "1.24"]
[White "Gerke, Dieter"]
[Black "Rabe, Mark"]
[Result "1-0"]
[WhiteElo "1587"]
[BlackElo "999"]
[PlyCount "45"]
[EventDate "2009.??.??"]
[Source "SG Dortmund"]
[SourceDate "2004.12.16"]

1. d4 d5 2. c4 Nf6 3. Nc3 c6 4. Nf3 Ne4 5. Nxe4 dxe4 6. Ng5 Bf5 7. h4 h6 8. Nh3
Nd7 9. e3 Nf6 10. Be2 e6 11. g4 Nxg4 12. Bxg4 Qxh4 13. Bxf5 exf5 14. Qb3 Rb8
15. Bd2 Qg4 16. d5 Bd6 17. dxc6 Qf3 18. Rf1 Qxh3 19. c7 Bxc7 20. Qb5+ Kd8 21.
O-O-O Kc8 22. Ba5 a6 23. Qd7# 1-0

[Event "63. BEM 2009"]
[Site "Dortmund"]
[Date "2009.02.23"]
[Round "1.25"]
[White "Böckmann, Lieselotte"]
[Black "Reinacher, Detlev"]
[Result "0-1"]
[WhiteElo "978"]
[BlackElo "1554"]
[PlyCount "66"]
[EventDate "2009.??.??"]
[Source "SG Dortmund"]
[SourceDate "2004.12.16"]

1. d4 d5 2. Nf3 Nf6 3. c4 e6 4. Bd2 c6 5. e3 Nbd7 6. Be2 b6 7. O-O Bd6 8. h3
Bb7 9. b4 Rc8 10. c5 Bb8 11. Na3 O-O 12. b5 bxc5 13. bxc6 Bxc6 14. Rb1 Ne4 15.
Ba6 Nxd2 16. Qxd2 Rc7 17. Bb5 Ba8 18. Bxd7 Qxd7 19. Ne5 Qe7 20. Nb5 Rb7 21. Nc6
Qe8 22. Nxb8 Qxb8 23. Qa5 Rc8 24. Rfc1 c4 25. a4 Rc6 26. Qc3 Rcb6 27. f4 a6 28.
Rb4 axb5 29. a5 Ra6 30. Ra1 Rba7 31. Qb2 Rxa5 32. Rb1 Bc6 33. Kf2 Ra2 0-1

[Event "63. BEM 2009"]
[Site "Dortmund"]
[Date "2009.02.23"]
[Round "1.26"]
[White "Noori, Mir Ahmad"]
[Black "Schirmer, Florian"]
[Result "1-0"]
[WhiteElo "1548"]
[BlackElo "952"]
[PlyCount "47"]
[EventDate "2009.??.??"]
[Source "SG Dortmund"]
[SourceDate "2004.12.16"]

1. d4 d5 2. Nf3 Nf6 3. e3 Bf5 4. Nbd2 e6 5. a3 c5 6. c4 Nc6 7. cxd5 Nxd5 8. e4
Bxe4 9. Nxe4 cxd4 10. Nxd4 Be7 11. Bb5 Qb6 12. O-O O-O 13. Bxc6 bxc6 14. b4
Rfd8 15. Bb2 Nf6 16. Qf3 Rxd4 17. Bxd4 Qxd4 18. Nxf6+ Bxf6 19. Qxc6 Rd8 20.
Rab1 g6 21. g3 Kg7 22. Rfd1 Qxd1+ 23. Rxd1 Rxd1+ 24. Kg2 1-0

[Event "63. BEM 2009"]
[Site "Dortmund"]
[Date "2009.02.23"]
[Round "1.27"]
[White "Wilkins, Petra"]
[Black "Benke, Werner"]
[Result "0-1"]
[WhiteElo "780"]
[BlackElo "1543"]
[PlyCount "56"]
[EventDate "2009.??.??"]
[Source "SG Dortmund"]
[SourceDate "2004.12.16"]

1. e4 e5 2. Nf3 d6 3. Bc4 Be7 4. O-O Nf6 5. Ng5 O-O 6. Nc3 h6 7. Nf3 Bg4 8. Re1
Nc6 9. Nd5 Nd4 10. Re3 Nxd5 11. Bxd5 c6 12. Bc4 Bg5 13. Ra3 d5 14. exd5 cxd5
15. Bb3 e4 16. Ba4 exf3 17. c3 Ne2+ 18. Kf1 fxg2+ 19. Kxg2 Nf4+ 20. Kg3 Bxd1
21. h4 Ne2+ 22. Kg4 f5+ 23. Kf3 Nd4+ 24. Kg2 Bf3+ 25. Kf1 Be2+ 26. Ke1 Qe7 27.
cxd4 Bd3+ 28. Kd1 Qe2# 0-1

[Event "63. BEM 2009"]
[Site "Dortmund"]
[Date "2009.02.24"]
[Round "2.1"]
[White "Goldschmidt, Christian"]
[Black "Ziemek, Gerhard"]
[Result "1-0"]
[WhiteElo "2169"]
[BlackElo "1733"]
[PlyCount "59"]
[EventDate "2009.??.??"]
[Source "SG Dortmund"]
[SourceDate "2004.12.16"]

1. e4 c5 2. c4 Nc6 3. Ne2 Nf6 4. Nbc3 d6 5. d4 cxd4 6. Nxd4 a6 7. Be2 e5 8. Nc2
Be7 9. O-O O-O 10. Be3 Rb8 11. f3 Bd7 12. Qd2 Ne8 13. Rfd1 b6 14. b4 f5 15. b5
axb5 16. cxb5 Na7 17. a4 Nc8 18. Nb4 Nf6 19. Ncd5 fxe4 20. Nxf6+ Rxf6 21. fxe4
Rg6 22. Bc4+ Kh8 23. Rf1 Rf6 24. Bd5 Na7 25. Rxf6 Bxf6 26. Rc1 Rc8 27. Rxc8
Bxc8 28. Qf2 Qd7 29. Bxb6 Nxb5 30. Bc6 1-0

[Event "63. BEM 2009"]
[Site "Dortmund"]
[Date "2009.02.24"]
[Round "2.2"]
[White "Krüger, Georg"]
[Black "Kartsev, Soel"]
[Result "0-1"]
[WhiteElo "1711"]
[BlackElo "2127"]
[PlyCount "132"]
[EventDate "2009.??.??"]
[Source "SG Dortmund"]
[SourceDate "2004.12.16"]

1. d4 d5 2. c4 e6 3. Nf3 Nf6 4. Nc3 c6 5. e3 Nbd7 6. Qc2 Bd6 7. Bd3 O-O 8. O-O
dxc4 9. Bxc4 e5 10. dxe5 Nxe5 11. Be2 Nfg4 12. Nxe5 Bxe5 13. h3 Nf6 14. Rd1 Qe7
15. b3 Be6 16. Bb2 Rad8 17. Rac1 Bb8 18. Bf1 h5 19. Ne4 Nxe4 20. Qxe4 Qg5 21.
h4 Qg4 22. Qxg4 Bxg4 23. f3 Be6 24. Kf2 f6 25. Bd3 Kf7 26. Rc2 Rd7 27. Rcd2
Rfd8 28. Bc3 b6 29. Bc4 Rxd2+ 30. Rxd2 Bd6 31. Bxe6+ Kxe6 32. f4 c5 33. Kf3 Rc8
34. e4 b5 35. Bb2 c4 36. Rc2 Bb4 37. bxc4 bxc4 38. Bc3 Bxc3 39. Rxc3 Kd6 40.
Ke3 Kc5 41. e5 fxe5 42. fxe5 Kd5 43. Kd2 Kxe5 44. Rg3 Rd8+ 45. Kc2 Rd7 46. Rg5+
Kd4 47. g4 hxg4 48. Rxg4+ Kc5 49. Kc3 Rd3+ 50. Kc2 Ra3 51. Rxg7 Rxa2+ 52. Kc3
Ra3+ 53. Kc2 a5 54. Rc7+ Kb5 55. Rb7+ Kc6 56. Rh7 Rh3 57. h5 a4 58. Ra7 Kb5 59.
Rb7+ Kc6 60. Ra7 Kc5 61. Rxa4 Kd4 62. h6 Rh2+ 63. Kc1 Kd3 64. Ra6 Rh1+ 65. Kb2
c3+ 66. Ka2 c2 0-1

[Event "63. BEM 2009"]
[Site "Dortmund"]
[Date "2009.02.25"]
[Round "2.3"]
[White "Schiefelbusch, Dirk"]
[Black "Schultz, Bernfried"]
[Result "1-0"]
[WhiteElo "2093"]
[BlackElo "1683"]
[PlyCount "57"]
[EventDate "2009.??.??"]
[Source "SG Dortmund"]
[SourceDate "2004.12.16"]

1. Nf3 d5 2. d4 Nf6 3. Bg5 e6 4. e3 c5 5. c3 Nbd7 6. Bd3 Be7 7. Nbd2 O-O 8. O-O
b6 9. h3 Bb7 10. Qe2 Nh5 11. Bxe7 Qxe7 12. Ne5 g6 13. Qg4 f5 14. Qd1 Nxe5 15.
dxe5 f4 16. Qg4 fxe3 17. fxe3 Ng7 18. Nf3 Nf5 19. Rae1 a5 20. Rf2 Bc6 21. e4
dxe4 22. Bxe4 Bxe4 23. Qxe4 b5 24. Qc6 b4 25. Rd2 Rfd8 26. Red1 Ng7 27. Rd7
Rac8 28. Qxc8 Qxd7 29. Qxd8+ 1-0